The Rock River country of northern Illinois, (Record no. 26701)

MARC details
000 -LEADER
fixed length control field 00873cam a22002291 4500
001 - CONTROL NUMBER
control field gs 29000068
003 - CONTROL NUMBER IDENTIFIER
control field DLC
005 - DATE AND TIME OF LATEST TRANSACTION
control field 20260227111333.0
008 - FIXED-LENGTH DATA ELEMENTS--GENERAL INFORMATION
fixed length control field 820714s1929 ilu 000 0 eng c
010 ## - LIBRARY OF CONGRESS CONTROL NUMBER
LC control number gs 29000068
035 ## - SYSTEM CONTROL NUMBER
System control number (OCoLC)8599483
040 ## - CATALOGING SOURCE
Original cataloging agency U. S. Geol. Survey. Libr.
Transcribing agency GStG
Modifying agency IDeKN
-- OCoLC
-- DLC
050 00 - LIBRARY OF CONGRESS CALL NUMBER
Classification number QE105
Item number .A3 no.2
100 1# - MAIN ENTRY--PERSONAL NAME
Personal name Rolfe, Deette, 1879-
245 14 - TITLE STATEMENT
Title The Rock River country of northern Illinois,
Statement of responsibility, etc. by Deette Rolfe.
260 ## - PUBLICATION, DISTRIBUTION, ETC.
Place of publication, distribution, etc. Urbana, Ill.
-- [Springfield
Name of publisher, distributor, etc. Jeffersons Printing & Stationery Co.]
Date of publication, distribution, etc. 1929.
300 ## - PHYSICAL DESCRIPTION
Extent [58], [1] p. incl. front.
Other physical details illus., maps.
Dimensions 20 cm.
410 20 - SERIES STATEMENT/ADDED ENTRY--CORPORATE NAME [OBSOLETE, CAN/MARC], [LOCAL, USA]
Corporate name or jurisdiction name as entry element Illinois State Geological Survey.
Title of a work Educational series,
Volume number/sequential designation no. 2
500 ## - GENERAL NOTE
General note At head of title: State of Illinois. Department of Registration and Education.
504 ## - BIBLIOGRAPHY, ETC. NOTE
Bibliography, etc. note Bibliography: p. [59]
650 #0 - SUBJECT ADDED ENTRY--TOPICAL TERM
Topical term or geographic name entry element Geology
Geographic subdivision Illinois
-- Rock River Valley.

No items available.

Powered by Koha